000 00649nam a22001937a 4500
999 _c165719
_d165719
005 20230714143756.0
010 _aUR-10262
020 _a9789388356916
_c200.00
035 _aU-8817
037 _bDBAD/PUB
082 _a841
100 _aصا د قہ نو ا ب سحر
245 _aبا و جو د /
_cصا د قہ نو ا ب سحر
246 _bBawajood (Urdu) /
_aby Sadiqua Nawab Saher
260 _aDelhi
_bEducational Publishing House
_c2018 ء
270 _a3191،Vakil Street,Kucha Pandit,Lal Kuan,
_bDelhi
_e110006
_k23216162
_l00911123211540
300 _a179 ص
_c22cm(Hb)
942 _2ddc
_cUR
_h841
_mس ح ر